=LDR 00000nam 2200000 4500 =001 INLIS000000000037602 =005 20130612143328 =008 ***********************************Ind** =035 ##$$0010-061300000037602 =041 ##$$a Ind =082 ##$$a 641.5 =090 ##$$a 641.5, Teg e =100 ##$$a Tejokusuma, Prudianti =245 ##$$a 600 koleksi resep Mr Chief selera nusantara, Purdianti Tejolusuma ; epnyunting, Julian Ardiyanto =260 ##$$a 2011 $b Yogyakarta =300 ##$$a x, 305 hlm, 23 cm =650 ##$$a Resep Masakan =850 ##$$a NBPNMAT =990 ##$$a 2090101371/BPAP-NTB/2015